000 01073nac a22003137a 4500
001 BR7805103
003 BR-BrBNA
005 20240105114257.0
008 230509b bl.|||m| |||| 00| 0 por d
040 _aBR-BrBNA
_bpor
_cBiblioteca Nacional de Agricultura
072 _aE70
090 _a9110 BR7805103
110 1 _aMinisterio das Relacoes Exteriores, Brasilia, DF (Brasil). Depto. de Promocao Comercial;
_97087
110 1 _aInstituto de Planejamento Economico e Social, Brasilia, DF (Brasil)
_96238
245 1 _aFranca: abacates frescos [Persea americana; Importacao; Exportacao; Comercio exterior]
260 3 _aBrasilia, DF (Brasil):
_c1978.
300 _a34 p.
490 _aMercados para o Brasil. Estudos Especiais (Brazil)
_vno. 68
_x
500 _aSummary (Fr); 9 tables
650 _aComercializacao
650 _aAbacate
650 _aImportacao
650 _aExportacao
650 _aComercio exterior
650 _aMercado internacional
650 _aFranca
909 _a202312
_bLúcia Elande
_c55
_dLúcia Elande
942 _2AGRIS
_n0
_cMS
999 _c268414
_d268414